|
|
|
|
| LEADER |
00901nam a22002297a 4500 |
| 001 |
AAL6810 |
| 003 |
BD-DhAAL |
| 005 |
20160207171803.0 |
| 008 |
160207s 2003bg ||||| |||| 00| 0 ben d |
| 020 |
|
|
|a 9848102268
|
| 040 |
|
|
|a BD-DhAAL
|c BD-DhAAL
|
| 082 |
|
|
|a 954.92
|
| 100 |
|
|
|a আলহেলাল, বশীর
|9 17844
|
| 245 |
|
|
|a ভাষা-আন্দোলনের সেই মোহনায় /
|c বশীর আলহেলাল
|
| 260 |
|
|
|a ঢাকা :
|b সূচীপত্র,
|c ২০০৩.
|
| 300 |
|
|
|a ১৭৫ পৃ. :
|b চিত্র ;
|c ২২ সে.মি.
|
| 541 |
|
|
|e 6810
|
| 651 |
|
|
|a Bangladesh
|x History.
|9 17845
|
| 651 |
|
|
|a Bangladesh
|9 17846
|
| 942 |
|
|
|2 ddc
|c BK
|
| 999 |
|
|
|c 36799
|d 36799
|
| 952 |
|
|
|0 0
|1 0
|2 ddc
|4 0
|6 954_920000000000000_ALH
|7 0
|9 57914
|a SCL
|b SCL
|c GEN
|d 2016-02-07
|g 125.00
|l 5
|m 2
|o 954.92 ALH
|p 3020006810
|r 2024-09-24
|s 2024-09-23
|t 1
|w 2016-02-07
|y BK
|